Špecifiká financovania malých a stredných podnikov diplomová práca

Saved in:
Bibliographic Details
Main Author: Kányová, Viktória
Corporate Author: Fakulta podnikového manažmentu EU. Katedra podnikových financií
Other Authors: Kalusová, Lenka, 1987-
Format: Book
Language:Slovak
Published: Bratislava 2018
Tags: Add Tag
No Tags, Be the first to tag this record!

MARC

LEADER 00000nbm a2200000 4500
001 0244680
005 20181001111007.2
041 0 |a slo 
044 |a SK 
245 1 0 |a Špecifiká financovania malých a stredných podnikov  |b diplomová práca  |c Viktória Kányová ; školiteľ: Lenka Kalusová 
264 1 |a Bratislava  |c 2018 
300 |a 81 s. 
100 1 |a Kányová, Viktória 
700 1 |a Kalusová, Lenka, 1987- 
710 2 |a Fakulta podnikového manažmentu EU. Katedra podnikových financií